00507 2200205 4500001002100000005001500021035002000036007000300056008004100059020001800100082000800118084001400126100001500140245004000155260003600195300002800231650001600259504001600275990001000291INLIS00000000000166520241122090701 a0010-1124000070ta241122 g 0 ind  a979-28-1203-9 a819 a819 RIA b0 aRiana Wati1 aBusana Jawa :bBusana /cRiana Wati aKlaten :bIntan Pariwara,c2012 a52 hlm :bilus ;c25 cm 4aBusana Jawa aBibliografi a03263